<?xml version="1.0" encoding="UTF-8"?>
<collection xmlns="http://www.loc.gov/MARC21/slim">
<record>
  <controlfield tag="001">151234</controlfield>
  <controlfield tag="005">20251017144651.0</controlfield>
  <datafield tag="024" ind1="7" ind2=" ">
    <subfield code="2">doi</subfield>
    <subfield code="a">10.1098/rspa.2024.0435</subfield>
  </datafield>
  <datafield tag="024" ind1="8" ind2=" ">
    <subfield code="2">sideral</subfield>
    <subfield code="a">143030</subfield>
  </datafield>
  <datafield tag="037" ind1=" " ind2=" ">
    <subfield code="a">ART-2025-143030</subfield>
  </datafield>
  <datafield tag="041" ind1=" " ind2=" ">
    <subfield code="a">eng</subfield>
  </datafield>
  <datafield tag="100" ind1=" " ind2=" ">
    <subfield code="a">Rodrigues, Francisco A.</subfield>
  </datafield>
  <datafield tag="245" ind1=" " ind2=" ">
    <subfield code="a">A machine learning approach to predicting dynamical observables from network structure</subfield>
  </datafield>
  <datafield tag="260" ind1=" " ind2=" ">
    <subfield code="c">2025</subfield>
  </datafield>
  <datafield tag="506" ind1="0" ind2=" ">
    <subfield code="a">Access copy available to the general public</subfield>
    <subfield code="f">Unrestricted</subfield>
  </datafield>
  <datafield tag="520" ind1="3" ind2=" ">
    <subfield code="a">Estimating the outcome of a given dynamical process from structural features is a key unsolved challenge in network science. This goal is hampered by difficulties associated with nonlinearities, correlations and feedbacks between the structure and dynamics of complex systems. In this work, we develop an approach based on machine learning algorithms that provides an important step towards understanding the relationship between the structure and dynamics of networks. In particular, it allows us to estimate from the network structure the outbreak size of a disease starting from a single node, as well as the degree of synchronicity of a system made up of Kuramoto oscillators. We show which topological features of the network are key for this estimation and provide a ranking of the importance of network metrics with much higher accuracy than previously done. For epidemic propagation, the k-core plays a fundamental role, while for synchronization, the betweenness centrality and accessibility are the measures most related to the state of an oscillator. For all the networks, we find that random forests can predict the outbreak size or synchronization state with high accuracy, indicating that the network structure plays a fundamental role in the spreading process. Our approach is general and can be applied to almost any dynamic process running on complex networks. Also, our work is an important step towards applying machine learning methods to unravel dynamical patterns that emerge in complex networked systems.</subfield>
  </datafield>
  <datafield tag="536" ind1=" " ind2=" ">
    <subfield code="9">info:eu-repo/grantAgreement/ES/DGA/E36-23R-FENOL</subfield>
    <subfield code="9">info:eu-repo/grantAgreement/ES/MICINN/PID2020-115800GB-I00</subfield>
  </datafield>
  <datafield tag="540" ind1=" " ind2=" ">
    <subfield code="9">info:eu-repo/semantics/openAccess</subfield>
    <subfield code="a">by</subfield>
    <subfield code="u">https://creativecommons.org/licenses/by/4.0/deed.es</subfield>
  </datafield>
  <datafield tag="655" ind1=" " ind2="4">
    <subfield code="a">info:eu-repo/semantics/article</subfield>
    <subfield code="v">info:eu-repo/semantics/publishedVersion</subfield>
  </datafield>
  <datafield tag="700" ind1=" " ind2=" ">
    <subfield code="a">Peron, Thomas</subfield>
  </datafield>
  <datafield tag="700" ind1=" " ind2=" ">
    <subfield code="a">Connaughton, Colm</subfield>
  </datafield>
  <datafield tag="700" ind1=" " ind2=" ">
    <subfield code="a">Kurths, Jürgen</subfield>
  </datafield>
  <datafield tag="700" ind1=" " ind2=" ">
    <subfield code="a">Moreno, Yamir</subfield>
    <subfield code="u">Universidad de Zaragoza</subfield>
    <subfield code="0">(orcid)0000-0002-0895-1893</subfield>
  </datafield>
  <datafield tag="710" ind1="2" ind2=" ">
    <subfield code="1">2004</subfield>
    <subfield code="2">405</subfield>
    <subfield code="a">Universidad de Zaragoza</subfield>
    <subfield code="b">Dpto. Física Teórica</subfield>
    <subfield code="c">Área Física Teórica</subfield>
  </datafield>
  <datafield tag="773" ind1=" " ind2=" ">
    <subfield code="g">481, 2306 (2025), [12 pp.]</subfield>
    <subfield code="p">Proc. - Royal Soc., Math. phys. eng. sci.</subfield>
    <subfield code="t">Proceedings - Royal Society. Mathematical, physical and engineering sciences</subfield>
    <subfield code="x">1364-5021</subfield>
  </datafield>
  <datafield tag="856" ind1="4" ind2=" ">
    <subfield code="s">5778949</subfield>
    <subfield code="u">http://zaguan.unizar.es/record/151234/files/texto_completo.pdf</subfield>
    <subfield code="y">Versión publicada</subfield>
  </datafield>
  <datafield tag="856" ind1="4" ind2=" ">
    <subfield code="s">1839032</subfield>
    <subfield code="u">http://zaguan.unizar.es/record/151234/files/texto_completo.jpg?subformat=icon</subfield>
    <subfield code="x">icon</subfield>
    <subfield code="y">Versión publicada</subfield>
  </datafield>
  <datafield tag="909" ind1="C" ind2="O">
    <subfield code="o">oai:zaguan.unizar.es:151234</subfield>
    <subfield code="p">articulos</subfield>
    <subfield code="p">driver</subfield>
  </datafield>
  <datafield tag="951" ind1=" " ind2=" ">
    <subfield code="a">2025-10-17-14:36:36</subfield>
  </datafield>
  <datafield tag="980" ind1=" " ind2=" ">
    <subfield code="a">ARTICLE</subfield>
  </datafield>
</record>
</collection>